The home: (Record no. 14625)

000 -LEADER
fixed length control field 00552nam a2200193 a 4500
001 - CONTROL NUMBER
control field :::00012457$&:&@@
003 - CONTROL NUMBER IDENTIFIER
control field OkBaRHE
005 - DATE AND TIME OF LATEST TRANSACTION
control field 20000607103419.0
008 - FIXED-LENGTH DATA ELEMENTS--GENERAL INFORMATION
fixed length control field s1965 j 000 0 eng u
040 ## - CATALOGING SOURCE
Transcribing agency
100 1# - MAIN ENTRY--PERSONAL NAME
Personal name Drakeford, John W.
245 14 - TITLE STATEMENT
Title The home:
Remainder of title laboratory of life.
260 ## - PUBLICATION, DISTRIBUTION, ETC. (IMPRINT)
Place of publication, distribution, etc Nashville, TN., :
Name of publisher, distributor, etc Broadman Press
Date of publication, distribution, etc c1965
300 ## - PHYSICAL DESCRIPTION
Extent 128 p. ;
Dimensions 20 cm.
650 ## - SUBJECT ADDED ENTRY--TOPICAL TERM
Topical term or geographic name as entry element Family
650 ## - SUBJECT ADDED ENTRY--TOPICAL TERM
Topical term or geographic name as entry element Marriage
942 ## - ADDED ENTRY ELEMENTS (KOHA)
Source of classification or shelving scheme
Koha item type Books
Copies
Damaged status Date acquired Withdrawn status Shelving location Lost status Copy number Full call number Date last seen Barcode Price effective from Not for loan Permanent Location Koha item type Source of classification or shelving scheme
 2010-04-14 General Stacks 1HQ 734 .D82010-04-14124572010-04-14 RHEMA Bible Training CollegeBooks